Introduction to psychology / (Record no. 6627)

MARC details
000 -LEADER
fixed length control field 00911cam a2200265 a 4500
001 - CONTROL NUMBER
control field 3926404
003 - CONTROL NUMBER IDENTIFIER
control field OSt
005 - DATE AND TIME OF LATEST TRANSACTION
control field 20210924100853.0
008 - FIXED-LENGTH DATA ELEMENTS--GENERAL INFORMATION
fixed length control field 921106s1993 txua b 001 0 eng
010 ## - LIBRARY OF CONGRESS CONTROL NUMBER
LC control number 92073450
020 ## - INTERNATIONAL STANDARD BOOK NUMBER
International Standard Book Number 0155002872
040 ## - CATALOGING SOURCE
Original cataloging agency DLC
Transcribing agency hu
Modifying agency DLC
050 00 - LIBRARY OF CONGRESS CALL NUMBER
Classification number BF121
Item number .I57 1993
082 00 - DEWEY DECIMAL CLASSIFICATION NUMBER
Classification number 150
Edition number 21
245 00 - TITLE STATEMENT
Title Introduction to psychology /
Statement of responsibility, etc. Rita L. Atkinson ... [et al.].
250 ## - EDITION STATEMENT
Edition statement 11th ed.
260 ## - PUBLICATION, DISTRIBUTION, ETC.
Place of publication, distribution, etc. Fort Worth, TX :
Name of publisher, distributor, etc. Harcourt Brace Jovanovich College Publishers,
Date of publication, distribution, etc. c1993
300 ## - PHYSICAL DESCRIPTION
Extent xvii, 784, 125 p. :
Other physical details ill. (some col.) ;
Dimensions 29 cm.
504 ## - BIBLIOGRAPHY, ETC. NOTE
Bibliography, etc. note Includes bibliographical references (p. 67-109, 2nd group) and index.
650 #0 - SUBJECT ADDED ENTRY--TOPICAL TERM
Topical term or geographic name entry element Psychology.
9 (RLIN) 5829
700 1# - ADDED ENTRY--PERSONAL NAME
Personal name Atkinson, Rita L.
9 (RLIN) 6951
906 ## - LOCAL DATA ELEMENT F, LDF (RLIN)
a 7
b cbc
c orignew
d 3
e opcn
f 19
g y-gencatlg
942 ## - ADDED ENTRY ELEMENTS (KOHA)
Source of classification or shelving scheme Dewey Decimal Classification
Koha item type Books like text book referance book
Suppress in OPAC No
Holdings
Withdrawn status Lost status Source of classification or shelving scheme Damaged status Not for loan Home library Current library Shelving location Date acquired Total Checkouts Full call number Barcode Date last seen Copy number Price effective from Koha item type
    Dewey Decimal Classification     Social Library Social Library General Stacks 09/24/2021   150/psy SHLIB 00000467 09/24/2021 1 09/24/2021 Books like text book referance book